| 000 | 00606cam6a220020500 4500 | ||
|---|---|---|---|
| 001 | tmp15784601 | ||
| 003 | UPRA | ||
| 005 | 20190819083831.0 | ||
| 008 | 951027s1950 ug f eng u | ||
| 035 | _a(Sirsi) r90915 | ||
| 035 | _a(UPRA)tmp15784601 | ||
| 040 | _cUPRA | ||
| 110 | 1 |
_bPublic Works Dept. _6A50300.1 |
|
| 245 | 1 | 0 | _aInterim report on the proposed canalisation of the River Katonga. |
| 246 | 3 | 0 | _aProposed canalisation of the River Katonga. |
| 260 |
_a[Entebbe, _c1950] |
||
| 651 | 0 |
_aKatonga River, Uganda. _6S39001.1 |
|
| 949 |
_a(O2) 1950/4 _wlcc _mMAIN _tBOOK _lON-SHELF |
||
| 004 | 90915 | ||
| 999 |
_c94143 _d94143 |
||